000 00360 a2200157 4500
001 44981
020 _a8560129022
040 _cAnchieta - Aquarius
100 _aMoraes, Ana Carolina Carvalho Dias de
240 1 0 _aUm balão na terra
_lpor
245 1 0 _aUm balão na terra
300 _a24
362 0 _a2006
650 4 _aLiteratura infantil
942 _cBK
999 _c44981
_d44981